| 000 | 01057cam a2200229 4500 | ||
|---|---|---|---|
| 001 | ABS64568 | ||
| 008 | 011003n2001 000 0 eng u | ||
| 035 | _a(Sirsi) u114963 | ||
| 100 | _aWebber, G. | ||
| 245 | _aPossession claims (3) | ||
| 260 | _c2001 | ||
| 490 |
_aSolicitors' Journal _v145(36) 28 September 2001, 883(1) |
||
| 520 | _aThird in a four-part guide to the new possession and lease renewal procedures under the Civil Procedure Rules. [Part 1, which looks at standard possession claims - XX (114805.1) - and Part 2, which focuses on trespasser and mortgage cases, are available from the RICS Library]. Part 3 looks at accelerated possession claims. Considers the conditions that will apply; claim form, service and defence; reference to a judge; and postponement of possession order. | ||
| 590 | _aABS | ||
| 650 | _aCIVIL PROCEDURE RULES | ||
| 650 | _aPOSSESSION CLAIMS | ||
| 650 | _aLEASE RENEWALS | ||
| 650 | _aPROCEDURES | ||
| 650 | _aACCELERATED POSSESSION PROCEDURE | ||
| 690 | _aLANDLORD AND TENANT-LEASES | ||
| 942 | _n0 | ||
| 999 |
_c68451 _d68451 |
||